Catálogo

LUBRICANTS AND THEIR APPLICATIONS (Registro nro. 12235)

Detalles MARC
000 -LEADER
fixed length control field 00988nam a2200193 a 4500
001 - CONTROL NUMBER
control field 12235
005 - DATE AND TIME OF LATEST TRANSACTION
control field 20180713200500.0
008 - FIXED-LENGTH DATA ELEMENTS--GENERAL INFORMATION
fixed length control field 140415d 000 0 eng d
020 ## - INTERNATIONAL STANDARD BOOK NUMBER
International Standard Book Number 0070419922
041 ## - LANGUAGE CODE
Language code of text/sound track or separate title eng
082 ## - DEWEY DECIMAL CLASSIFICATION NUMBER
Classification number 621.89
Item number MIL
100 1# - MAIN ENTRY--PERSONAL NAME
Personal name MILLER, ROBERT W.
245 10 - TITLE STATEMENT
Title LUBRICANTS AND THEIR APPLICATIONS
250 ## - EDITION STATEMENT
Edition statement 1a ed.
260 ## - PUBLICATION, DISTRIBUTION, ETC.
Place of publication, distribution, etc. [s.l.] :
Name of publisher, distributor, etc. MCGRAW-HILL INC.,
Date of publication, distribution, etc. [s.f.]
300 ## - PHYSICAL DESCRIPTION
Extent 193
Dimensions 23.3 x 15.8 x 1.2
520 ## - SUMMARY, ETC.
Summary, etc. LOS LUBRICANTES, LA SANGRE DE TODAS LAS MÁQUINAS, SON LA LLAVE EFICIENTE E ININTERRUMPIDA DE LAS OPERACIONES INDUSTRIALES. SI TU ERES UN INGENIERO O PROFESIONAL DE MANTENIMEINTO RESPONSABLE POR MAXIMIZAR EL DESMPEÑO DE LA INGENIERÍA MECANICA, SABES QUE UNA POBRE E INADECUADA MANTENIMIENTO PUEDE SGNIFICAR UNA COSTOSA DISMINUSIÓN DE TIEMPO. ESTA ES UNA GUIA COMPLETA PARA INCREMENTAR EL MANTENIMIENTO DE LAS MÁQUINAS Y SUS DISPONIBILIDAD A TRAVÉS DE LA APROPIADA SELECCION Y USO DE LUBRIC
650 14 - SUBJECT ADDED ENTRY--TOPICAL TERM
Topical term or geographic name entry element LUBRICANTES
Existencias
Withdrawn status Lost status Source of classification or shelving scheme Damaged status Not for loan Collection code Home library Current library Shelving location Date acquired Source of acquisition Inventory number Total Checkouts Full call number Barcode Date last seen Date last checked out Price effective from Koha item type
    Dewey Decimal Classification     General Biblioteca Karol Wojtyla Biblioteca Karol Wojtyla Sala general 03/12/2013 Compra 151000000000000000004252   621.89 MIL 28102 05/01/2026 16/01/2015 03/12/2013 Libro